[Event "TeamRussiawomen"]
[Site "?"]
[Date "2016.10.06"]
[Round "6.7"]
[White "Travkina, Anastasia"]
[Black "Nebolsina, Vera"]
[Result "1/2-1/2"]
[LiveChessVersion "1.4.4"]
[BlackElo "2234"]
[WhiteElo "2237"]

1. e4 {[%clk 0:15:20]} e5 {[%clk 0:15:07]} 2. Nf3 {[%clk 0:15:28]} Nf6
{[%clk 0:15:15]} 3. Nxe5 {[%clk 0:15:32]} d6 {[%clk 0:15:24]} 4. Nf3
{[%clk 0:15:41]} Nxe4 {[%clk 0:15:32]} 5. Qe2 {[%clk 0:15:50]} Qe7
{[%clk 0:15:35]} 6. d3 {[%clk 0:15:43]} Nf6 {[%clk 0:15:40]} 7. Nc3
{[%clk 0:15:40]} c6 {[%clk 0:15:21]} 8. Bg5 {[%clk 0:15:30]} Nbd7
{[%clk 0:14:16]} 9. d4 {[%clk 0:13:09]} Qxe2+ {[%clk 0:13:07]} 10. Bxe2
{[%clk 0:13:14]} h6 {[%clk 0:13:15]} 11. Bd2 {[%clk 0:11:48]} g5 {[%clk 0:12:15]}
12. O-O-O {[%clk 0:11:19]} Bg7 {[%clk 0:12:18]} 13. h4 {[%clk 0:09:05]} g4
{[%clk 0:09:32]} 14. Nh2 {[%clk 0:09:10]} h5 {[%clk 0:06:43]} 15. f3
{[%clk 0:07:47]} Nf8 {[%clk 0:06:12]} 16. Bf4 {[%clk 0:06:24]} Bh6
{[%clk 0:06:07]} 17. Bxh6 {[%clk 0:05:52]} Rxh6 {[%clk 0:06:15]} 18. d5
{[%clk 0:05:33]} gxf3 {[%clk 0:03:25]} 19. Bxf3 {[%clk 0:05:30]} c5
{[%clk 0:03:15]} 20. Rhe1+ {[%clk 0:05:31]} Kd8 {[%clk 0:03:15]} 21. Nf1
{[%clk 0:05:33]} Bg4 {[%clk 0:03:11]} 22. Ng3 {[%clk 0:05:25]} Bd7
{[%clk 0:03:10]} 23. Nce4 {[%clk 0:05:21]} Nxe4 {[%clk 0:03:01]} 24. Rxe4
{[%clk 0:05:25]} Ng6 {[%clk 0:03:06]} 25. Nxh5 {[%clk 0:04:04]} Ne5
{[%clk 0:03:08]} 26. Nf4 {[%clk 0:03:35]} Bf5 {[%clk 0:03:08]} 27. Ree1
{[%clk 0:03:17]} Rxh4 {[%clk 0:03:11]} 28. Rh1 {[%clk 0:02:39]} Rxh1
{[%clk 0:03:19]} 29. Rxh1 {[%clk 0:02:49]} Ke7 {[%clk 0:03:28]} 30. Rh5
{[%clk 0:02:46]} Kf6 {[%clk 0:03:22]} 31. Rh6+ {[%clk 0:02:46]} Bg6
{[%clk 0:03:00]} 32. Nxg6 {[%clk 0:02:45]} fxg6 {[%clk 0:02:53]} 33. Rh7
{[%clk 0:02:46]} Nf7 {[%clk 0:03:01]} 34. Rh4 {[%clk 0:02:46]} Re8
{[%clk 0:02:55]} 35. Kd2 {[%clk 0:02:44]} Re5 {[%clk 0:02:35]} 36. c4
{[%clk 0:02:46]} Re7 {[%clk 0:02:24]} 37. Rf4+ {[%clk 0:02:36]} Kg5
{[%clk 0:01:49]} 38. Rg4+ {[%clk 0:02:27]} Kf6 {[%clk 0:01:57]} 39. Rf4+
{[%clk 0:02:35]} Kg5 {[%clk 0:01:54]} 40. Rg4+ {[%clk 0:02:43]} Kf5
{[%clk 0:02:00]} 41. Rh4 {[%clk 0:02:35]} Kg5 {[%clk 0:01:46]} 42. Rg4+
{[%clk 0:02:40]} Kf6 {[%clk 0:01:54]} 1/2-1/2

[Event "TeamRussiawomen"]
[Site "?"]
[Date "2016.10.06"]
[Round "6.8"]
[White "Markelova, Lubov"]
[Black "Belenkaya, Dina"]
[Result "0-1"]
[LiveChessVersion "1.4.4"]
[BlackElo "2172"]
[WhiteElo "2107"]

1. Nf3 {[%clk 0:15:19]} d5 {[%clk 0:15:19]} 2. d4 {[%clk 0:15:28]} Nf6
{[%clk 0:15:27]} 3. c4 {[%clk 0:15:37]} dxc4 {[%clk 0:15:35]} 4. e3
{[%clk 0:15:11]} e6 {[%clk 0:15:42]} 5. Bxc4 {[%clk 0:15:17]} a6 {[%clk 0:15:50]}
6. a4 {[%clk 0:14:59]} c5 {[%clk 0:15:43]} 7. O-O {[%clk 0:14:12]} Nc6
{[%clk 0:15:51]} 8. dxc5 {[%clk 0:12:39]} Bxc5 {[%clk 0:14:34]} 9. Nc3
{[%clk 0:12:12]} Qxd1 {[%clk 0:11:50]} 10. Rxd1 {[%clk 0:12:20]} Bd7
{[%clk 0:11:08]} 11. b3 {[%clk 0:11:29]} Ke7 {[%clk 0:10:56]} 12. Bb2
{[%clk 0:11:23]} Rhc8 {[%clk 0:10:55]} 13. Rac1 {[%clk 0:11:11]} Ke8
{[%clk 0:10:53]} 14. Kf1 {[%clk 0:10:42]} Na5 {[%clk 0:10:55]} 15. Ne5
{[%clk 0:08:48]} Nxc4 {[%clk 0:10:23]} 16. Nxc4 {[%clk 0:08:43]} Ke7
{[%clk 0:09:29]} 17. b4 {[%clk 0:06:46]} Ba7 {[%clk 0:07:19]} 18. Nd6
{[%clk 0:06:07]} Rc7 {[%clk 0:04:47]} 19. a5 {[%clk 0:04:00]} Ne8
{[%clk 0:03:12]} 20. Nxe8 {[%clk 0:02:40]} Kxe8 {[%clk 0:02:59]} 21. Ne4
{[%clk 0:02:30]} Rxc1 {[%clk 0:01:54]} 22. Rxc1 {[%clk 0:02:39]} Bc6
{[%clk 0:01:56]} 23. Nd6+ {[%clk 0:00:51]} Ke7 {[%clk 0:02:03]} 24. Nxb7
{[%clk 0:00:36]} Rc8 {[%clk 0:01:40]} 25. Nc5 {[%clk 0:00:38]} Rb8
{[%clk 0:01:39]} 26. Bc3 {[%clk 0:00:25]} f6 {[%clk 0:01:35]} 27. f3
{[%clk 0:00:28]} h5 {[%clk 0:01:34]} 28. Kf2 {[%clk 0:00:36]} Bb5
{[%clk 0:01:36]} 29. Bd2 {[%clk 0:00:24]} Rd8 {[%clk 0:01:38]} 30. Bc3
{[%clk 0:00:15]} e5 {[%clk 0:01:43]} 31. Rc2 {[%clk 0:00:15]} h4 {[%clk 0:01:48]}
32. Rd2 {[%clk 0:00:23]} Rc8 {[%clk 0:01:38]} 33. Bb2 {[%clk 0:00:28]} Kf7
{[%clk 0:01:41]} 34. Ne4 {[%clk 0:00:34]} Bb8 {[%clk 0:01:36]} 35. Nc3
{[%clk 0:00:32]} Be8 {[%clk 0:01:32]} 36. Nd5 {[%clk 0:00:28]} Rc4
{[%clk 0:01:28]} 37. e4 {[%clk 0:00:20]} Bc6 {[%clk 0:01:31]} 38. Ba3
{[%clk 0:00:17]} Bb5 {[%clk 0:01:20]} 39. Ke1 {[%clk 0:00:15]} Ba7
{[%clk 0:01:19]} 40. Kd1 {[%clk 0:00:19]} Bd4 {[%clk 0:01:25]} 41. Nb6
{[%clk 0:00:20]} Rc6 {[%clk 0:01:17]} 42. Nd5 {[%clk 0:00:27]} Rc8
{[%clk 0:01:00]} 43. Bb2 {[%clk 0:00:31]} Ba4+ {[%clk 0:01:04]} 44. Ke2
{[%clk 0:00:33]} Bb5+ {[%clk 0:01:12]} 45. Kd1 {[%clk 0:00:37]} Ba4+
{[%clk 0:01:20]} 46. Ke2 {[%clk 0:00:47]} Bb5+ 47. Kd1 Ba4+ {[%clk 0:01:19]} 48.
Ke1 {[%clk 0:00:44]} Ba7 {[%clk 0:00:31]} 49. Nc3 {[%clk 0:00:23]} Be8
{[%clk 0:00:32]} 50. Nd5 {[%clk 0:00:27]} Rc4 {[%clk 0:00:36]} 51. Kd1
{[%clk 0:00:16]} Ba4+ {[%clk 0:00:41]} 52. Ke2 {[%clk 0:00:21]} Bb5
{[%clk 0:00:43]} 53. Kd1 {[%clk 0:00:27]} Ba4+ {[%clk 0:00:51]} 54. Ke1
{[%clk 0:00:25]} Be8 {[%clk 0:01:00]} 55. Kd1 {[%clk 0:00:13]} Ba4+
{[%clk 0:01:09]} 56. Ke1 {[%clk 0:00:17]} Be8 {[%clk 0:01:17]} 57. Ke2
{[%clk 0:00:22]} Bb5 {[%clk 0:01:26]} 58. Ke1 {[%clk 0:00:26]} Be8
{[%clk 0:01:34]} 59. Ba3 {[%clk 0:00:14]} Bd4 {[%clk 0:01:37]} 60. Nb6
{[%clk 0:00:12]} Bxb6 {[%clk 0:01:38]} 61. axb6 {[%clk 0:00:21]} Rc6
{[%clk 0:01:44]} 62. Rb2 {[%clk 0:00:13]} Rxb6 {[%clk 0:01:52]} 63. Kd2
{[%clk 0:00:14]} Bb5 {[%clk 0:01:59]} 64. Rb1 {[%clk 0:00:17]} Rd6+
{[%clk 0:02:08]} 65. Ke1 {[%clk 0:00:17]} h3 {[%clk 0:02:12]} 66. gxh3
{[%clk 0:00:14]} Rd3 {[%clk 0:02:21]} 67. Bc1 {[%clk 0:00:13]} Rxf3
{[%clk 0:02:29]} 68. Rb2 {[%clk 0:00:11]} Rxh3 {[%clk 0:02:20]} 69. Rd2
{[%clk 0:00:12]} Re3+ {[%clk 0:02:17]} 70. Kf2 {[%clk 0:00:13]} Rxe4
{[%clk 0:02:25]} 71. Rb2 {[%clk 0:00:12]} g5 {[%clk 0:02:23]} 72. Be3
{[%clk 0:00:16]} Kg6 {[%clk 0:01:57]} 73. Bc5 {[%clk 0:00:20]} Rh4
{[%clk 0:01:53]} 74. Kg2 {[%clk 0:00:22]} Re4 {[%clk 0:01:53]} 75. Kf2
{[%clk 0:00:31]} Rf4+ {[%clk 0:01:39]} 76. Ke3 {[%clk 0:00:23]} Rh4
{[%clk 0:01:44]} 77. Rf2 {[%clk 0:00:12]} Rh3+ {[%clk 0:01:49]} 78. Kd2
{[%clk 0:00:18]} f5 {[%clk 0:01:55]} 79. Be7 {[%clk 0:00:12]} g4 {[%clk 0:01:53]}
80. Kc2 {[%clk 0:00:11]} f4 {[%clk 0:01:26]} 81. Bd6 {[%clk 0:00:11]} Kf5
{[%clk 0:01:32]} 82. Bc5 {[%clk 0:00:12]} Ra3 {[%clk 0:01:19]} 83. Rd2
{[%clk 0:00:14]} Rh3 {[%clk 0:01:11]} 84. Bd6 {[%clk 0:00:12]} Bc6
{[%clk 0:01:08]} 85. Rf2 {[%clk 0:00:13]} Rh6 {[%clk 0:01:05]} 86. Bc7
{[%clk 0:00:15]} Bf3 {[%clk 0:00:58]} 87. Rd2 {[%clk 0:00:16]} Rc6+
{[%clk 0:01:06]} 0-1

[Event "TeamRussiawomen"]
[Site "?"]
[Date "2016.10.06"]
[Round "6.9"]
[White "Kovalevskaya, Ekaterina"]
[Black "Sukhareva, Evgeniya"]
[Result "1/2-1/2"]
[LiveChessVersion "1.4.4"]
[BlackElo "2307"]
[WhiteElo "2359"]

1. Nf3 {[%clk 0:15:17]} d5 {[%clk 0:15:02]} 2. c4 {[%clk 0:15:23]} e6
{[%clk 0:15:06]} 3. g3 {[%clk 0:15:29]} Nf6 {[%clk 0:15:11]} 4. Bg2
{[%clk 0:15:31]} Be7 {[%clk 0:15:03]} 5. O-O {[%clk 0:15:32]} O-O
{[%clk 0:15:10]} 6. b3 {[%clk 0:15:15]} b6 {[%clk 0:14:50]} 7. Bb2
{[%clk 0:15:23]} Bb7 {[%clk 0:14:58]} 8. e3 {[%clk 0:15:28]} c5 {[%clk 0:13:57]}
9. Nc3 {[%clk 0:12:17]} Nbd7 {[%clk 0:12:54]} 10. d3 {[%clk 0:08:04]} Rc8
{[%clk 0:12:16]} 11. Qe2 {[%clk 0:08:01]} a6 {[%clk 0:11:48]} 12. Rfd1
{[%clk 0:07:55]} Qc7 {[%clk 0:11:55]} 13. Rac1 {[%clk 0:07:21]} Qb8
{[%clk 0:11:57]} 14. cxd5 {[%clk 0:06:55]} Nxd5 {[%clk 0:11:55]} 15. Nxd5
{[%clk 0:07:00]} Bxd5 {[%clk 0:11:47]} 16. e4 {[%clk 0:06:24]} Bb7
{[%clk 0:11:50]} 17. d4 {[%clk 0:06:24]} cxd4 {[%clk 0:11:28]} 18. Nxd4
{[%clk 0:06:30]} Rxc1 {[%clk 0:07:57]} 19. Rxc1 {[%clk 0:06:36]} Rc8
{[%clk 0:08:03]} 20. Rxc8+ {[%clk 0:06:20]} Qxc8 {[%clk 0:08:11]} 21. Qc2
{[%clk 0:06:26]} Qxc2 {[%clk 0:07:20]} 22. Nxc2 {[%clk 0:06:34]} Nc5
{[%clk 0:07:19]} 23. f3 {[%clk 0:05:36]} Nd3 {[%clk 0:05:49]} 24. Bd4
{[%clk 0:05:37]} b5 {[%clk 0:04:36]} 25. Be3 {[%clk 0:05:00]} Kf8
{[%clk 0:03:28]} 26. Bf1 {[%clk 0:05:01]} Nb4 {[%clk 0:03:04]} 27. Nxb4
{[%clk 0:05:02]} Bxb4 {[%clk 0:03:12]} 28. Kf2 {[%clk 0:04:19]} Ke7
{[%clk 0:03:13]} 29. Bd4 {[%clk 0:03:18]} f6 {[%clk 0:02:39]} 30. e5
{[%clk 0:03:18]} f5 {[%clk 0:02:27]} 31. Ke3 {[%clk 0:03:20]} g5 {[%clk 0:01:54]}
32. Bd3 {[%clk 0:01:53]} Ba3 {[%clk 0:01:16]} 33. Ke2 {[%clk 0:01:46]} Bd5
{[%clk 0:01:12]} 34. Be3 {[%clk 0:01:42]} h6 {[%clk 0:00:50]} 35. h4
{[%clk 0:01:09]} gxh4 {[%clk 0:00:59]} 36. gxh4 {[%clk 0:01:17]} h5
{[%clk 0:01:08]} 37. Bg5+ {[%clk 0:01:15]} Kf7 {[%clk 0:01:12]} 38. Kf2
{[%clk 0:00:39]} Bb2 {[%clk 0:01:14]} 39. Bf6 {[%clk 0:00:45]} Bc1
{[%clk 0:01:15]} 40. Kg3 {[%clk 0:00:52]} Bb2 {[%clk 0:01:09]} 41. Be2
{[%clk 0:00:48]} Bc3 {[%clk 0:00:57]} 42. Kf2 {[%clk 0:00:50]} Bd2
{[%clk 0:00:43]} 43. Bd3 {[%clk 0:00:49]} Bc1 {[%clk 0:00:43]} 44. Be2
{[%clk 0:00:57]} Bd2 {[%clk 0:00:49]} 45. Bd3 {[%clk 0:01:06]} Bc1
{[%clk 0:00:47]} 46. Be2 {[%clk 0:01:15]} 1/2-1/2

[Event "TeamRussiawomen"]
[Site "?"]
[Date "2016.10.06"]
[Round "6.10"]
[White "Tomilova, Elena"]
[Black "Pustovoitova, Daria"]
[Result "1-0"]
[LiveChessVersion "1.4.4"]
[BlackElo "2434"]
[WhiteElo "2241"]

1. d4 {[%clk 0:15:19]} d5 {[%clk 0:15:16]} 2. Bf4 {[%clk 0:15:26]} Nf6
{[%clk 0:15:20]} 3. e3 {[%clk 0:15:34]} e6 {[%clk 0:15:29]} 4. Nf3
{[%clk 0:15:38]} Bd6 {[%clk 0:15:36]} 5. Bg3 {[%clk 0:15:42]} c5 {[%clk 0:15:42]}
6. c3 {[%clk 0:15:48]} Nc6 {[%clk 0:15:49]} 7. Nbd2 {[%clk 0:15:38]} O-O
{[%clk 0:15:37]} 8. Bd3 {[%clk 0:15:38]} h6 {[%clk 0:15:18]} 9. Ne5
{[%clk 0:14:42]} Bxe5 {[%clk 0:13:33]} 10. dxe5 {[%clk 0:14:49]} Nd7
{[%clk 0:13:42]} 11. f4 {[%clk 0:14:03]} c4 {[%clk 0:13:40]} 12. Bc2
{[%clk 0:11:32]} Qb6 {[%clk 0:13:47]} 13. O-O {[%clk 0:10:54]} Qxb2
{[%clk 0:11:13]} 14. Rc1 {[%clk 0:10:48]} Qxa2 {[%clk 0:09:59]} 15. Qg4
{[%clk 0:09:48]} Nc5 {[%clk 0:09:56]} 16. Bh4 {[%clk 0:09:29]} Nd3
{[%clk 0:08:24]} 17. Bf6 {[%clk 0:09:20]} g6 {[%clk 0:08:32]} 18. Qh4
{[%clk 0:07:24]} Kh7 {[%clk 0:08:36]} 19. Rf3 {[%clk 0:07:28]} h5
{[%clk 0:08:15]} 20. Qg5 {[%clk 0:05:37]} Rh8 {[%clk 0:04:33]} 21. Rh3
{[%clk 0:04:35]} Kg8 {[%clk 0:04:40]} 22. Bxh8 {[%clk 0:04:38]} Kxh8
{[%clk 0:04:49]} 23. Qh6+ {[%clk 0:03:35]} Kg8 {[%clk 0:04:58]} 24. Nf3
{[%clk 0:03:24]} Qa3 {[%clk 0:02:49]} 25. Rd1 {[%clk 0:02:59]} Qf8
{[%clk 0:02:57]} 26. Qg5 {[%clk 0:03:03]} Qg7 {[%clk 0:03:03]} 27. g4
{[%clk 0:02:40]} hxg4 {[%clk 0:02:33]} 28. Qxg4 {[%clk 0:02:46]} Ne7
{[%clk 0:02:13]} 29. Qh4 {[%clk 0:02:16]} Kf8 {[%clk 0:02:14]} 30. Ng5
{[%clk 0:02:15]} Nf5 {[%clk 0:01:50]} 31. Nh7+ {[%clk 0:01:47]} Ke8
{[%clk 0:01:54]} 32. Ba4+ {[%clk 0:01:48]} Bd7 {[%clk 0:01:56]} 33. Nf6+
{[%clk 0:01:51]} Kd8 {[%clk 0:02:03]} 34. Qh8+ {[%clk 0:01:16]} Qxh8
{[%clk 0:01:59]} 35. Rxh8+ {[%clk 0:01:25]} Kc7 {[%clk 0:02:07]} 36. Rxa8
{[%clk 0:01:30]} Bxa4 {[%clk 0:02:15]} 37. Ra1 {[%clk 0:01:36]} b5
{[%clk 0:01:54]} 38. Rxa7+ {[%clk 0:01:40]} Kb6 {[%clk 0:01:47]} 39. Rxf7
{[%clk 0:01:46]} Nxe3 {[%clk 0:01:56]} 40. Nd7+ {[%clk 0:01:36]} Kc6
{[%clk 0:02:01]} 41. Nf8 {[%clk 0:01:40]} Nc5 {[%clk 0:01:29]} 42. Nxg6
{[%clk 0:01:43]} Nd1 {[%clk 0:01:20]} 43. Ne7+ {[%clk 0:01:43]} Kb6
{[%clk 0:01:27]} 44. h4 {[%clk 0:01:46]} Nxc3 {[%clk 0:01:33]} 45. h5
{[%clk 0:01:50]} Bc2 {[%clk 0:01:38]} 46. h6 {[%clk 0:01:36]} b4 {[%clk 0:01:46]}
47. f5 {[%clk 0:01:24]} b3 {[%clk 0:01:30]} 48. h7 {[%clk 0:01:27]} b2
{[%clk 0:01:39]} 49. Re1 {[%clk 0:01:12]} Nd1 {[%clk 0:01:25]} 50. h8=Q
{[%clk 0:01:12]} b1=Q {[%clk 0:01:32]} 51. Qb8+ {[%clk 0:01:15]} Nb7
{[%clk 0:01:06]} 52. Nc8+ {[%clk 0:00:47]} Kc5 {[%clk 0:01:14]} 53. Rxb7
{[%clk 0:00:36]} Qa1 {[%clk 0:01:22]} 54. Qa7+ {[%clk 0:00:30]} Qxa7
{[%clk 0:01:30]} 55. Rxa7 {[%clk 0:00:39]} Bxf5 {[%clk 0:01:06]} 56. Rxd1
{[%clk 0:00:44]} c3 {[%clk 0:01:08]} 57. Rc7+ {[%clk 0:00:44]} Kb4
{[%clk 0:01:16]} 58. Nd6 {[%clk 0:00:43]} Bg6 {[%clk 0:01:22]} 59. Rc1
{[%clk 0:00:46]} c2 {[%clk 0:01:07]} 60. R7xc2 {[%clk 0:00:42]} 1-0

[Event "TeamRussiawomen"]
[Site "?"]
[Date "2016.10.06"]
[Round "6.12"]
[White "Sazonova, Anastasia"]
[Black "Gvanceladze, Anna"]
[Result "0-1"]
[LiveChessVersion "1.4.4"]
[BlackElo "2140"]
[WhiteElo "2115"]

1. d4 {[%clk 0:15:16]} Nf6 {[%clk 0:15:16]} 2. c4 {[%clk 0:15:24]} e6
{[%clk 0:15:25]} 3. Nf3 {[%clk 0:15:32]} Bb4+ {[%clk 0:15:33]} 4. Nbd2
{[%clk 0:15:40]} O-O {[%clk 0:14:51]} 5. a3 {[%clk 0:15:37]} Bxd2+
{[%clk 0:14:26]} 6. Qxd2 {[%clk 0:15:28]} b6 {[%clk 0:13:25]} 7. e3
{[%clk 0:15:00]} Bb7 {[%clk 0:13:31]} 8. Be2 {[%clk 0:15:02]} d6 {[%clk 0:13:19]}
9. O-O {[%clk 0:14:53]} Nbd7 {[%clk 0:13:25]} 10. b4 {[%clk 0:14:53]} Qe7
{[%clk 0:13:12]} 11. Bb2 {[%clk 0:14:08]} Ne4 {[%clk 0:11:51]} 12. Qc2
{[%clk 0:14:13]} f5 {[%clk 0:11:51]} 13. Rad1 {[%clk 0:11:43]} Ndf6
{[%clk 0:11:16]} 14. Nd2 {[%clk 0:09:12]} Nxd2 {[%clk 0:10:46]} 15. Qxd2
{[%clk 0:08:54]} a5 {[%clk 0:10:15]} 16. b5 {[%clk 0:07:43]} Ne4 {[%clk 0:10:09]}
17. Qc1 {[%clk 0:07:16]} Qh4 {[%clk 0:10:03]} 18. f3 {[%clk 0:06:31]} Nf6
{[%clk 0:09:07]} 19. d5 {[%clk 0:05:47]} Rae8 {[%clk 0:07:45]} 20. dxe6
{[%clk 0:02:33]} Rxe6 {[%clk 0:07:50]} 21. c5 {[%clk 0:02:23]} bxc5
{[%clk 0:06:43]} 22. Bc4 {[%clk 0:02:25]} d5 {[%clk 0:06:52]} 23. Bxf6
{[%clk 0:02:29]} Qxc4 {[%clk 0:06:59]} 24. Qxc4 {[%clk 0:02:16]} dxc4
{[%clk 0:07:08]} 25. Bc3 {[%clk 0:01:55]} Rxe3 {[%clk 0:04:58]} 26. Bxa5
{[%clk 0:01:49]} Rxa3 {[%clk 0:04:53]} 27. Bxc7 {[%clk 0:01:53]} Rd3
{[%clk 0:04:32]} 28. Rc1 {[%clk 0:01:13]} Rc8 {[%clk 0:03:34]} 29. Be5
{[%clk 0:01:03]} Bd5 {[%clk 0:03:07]} 30. b6 {[%clk 0:00:55]} Rb3
{[%clk 0:03:04]} 31. Rfd1 {[%clk 0:00:57]} Bf7 {[%clk 0:03:01]} 32. Bc7
{[%clk 0:00:29]} c3 {[%clk 0:01:43]} 33. Be5 {[%clk 0:00:20]} Rxb6
{[%clk 0:01:44]} 34. Rxc3 {[%clk 0:00:28]} c4 {[%clk 0:01:27]} 35. Rd2
{[%clk 0:00:28]} Re8 {[%clk 0:01:18]} 36. f4 {[%clk 0:00:31]} Rb3
{[%clk 0:01:22]} 37. Rdc2 {[%clk 0:00:17]} Ra8 {[%clk 0:01:18]} 38. Kf2
{[%clk 0:00:22]} Bd5 {[%clk 0:01:23]} 39. g3 {[%clk 0:00:20]} Rxc3
{[%clk 0:00:51]} 40. Bxc3 {[%clk 0:00:27]} Be4 {[%clk 0:00:59]} 41. Rd2
{[%clk 0:00:18]} Bd3 {[%clk 0:01:00]} 42. Ke3 {[%clk 0:00:17]} Kf7
{[%clk 0:01:01]} 43. Rb2 {[%clk 0:00:20]} Ra7 {[%clk 0:01:06]} 44. Kd4
{[%clk 0:00:21]} g6 {[%clk 0:01:06]} 45. Ke3 {[%clk 0:00:18]} Rd7
{[%clk 0:01:02]} 46. Rd2 {[%clk 0:00:22]} Re7+ {[%clk 0:00:51]} 47. Kd4
{[%clk 0:00:24]} Rd7+ {[%clk 0:00:45]} 48. Ke3 {[%clk 0:00:33]} h5
{[%clk 0:00:35]} 49. Rb2 {[%clk 0:00:24]} Re7+ {[%clk 0:00:40]} 50. Kd4
{[%clk 0:00:28]} h4 {[%clk 0:00:44]} 51. Rd2 h3 {[%clk 0:00:42]} 52. Rb2
{[%clk 0:00:15]} Ra7 {[%clk 0:00:49]} 53. Ke3 {[%clk 0:00:16]} Rd7
{[%clk 0:00:42]} 54. Rd2 {[%clk 0:00:21]} Re7+ {[%clk 0:00:40]} 55. Kd4
{[%clk 0:00:14]} Re4+ {[%clk 0:00:39]} 56. Kc5 {[%clk 0:00:16]} Re3
{[%clk 0:00:31]} 57. Rb2 {[%clk 0:00:18]} Re7 {[%clk 0:00:25]} 58. Kd4
{[%clk 0:00:21]} Rd7+ {[%clk 0:00:27]} 59. Ke3 {[%clk 0:00:24]} Ra7
{[%clk 0:00:36]} 60. Kd4 {[%clk 0:00:27]} Ke7 {[%clk 0:00:17]} 61. Bb4+
{[%clk 0:00:26]} Ke6 {[%clk 0:00:23]} 62. Bc3 {[%clk 0:00:31]} Rd7+
{[%clk 0:00:29]} 63. Ke3 {[%clk 0:00:38]} Be4 {[%clk 0:00:30]} 64. Rd2
{[%clk 0:00:36]} Ra7 {[%clk 0:00:33]} 65. Kd4 {[%clk 0:00:20]} Bd3
{[%clk 0:00:30]} 66. Rb2 {[%clk 0:00:28]} Rd7+ {[%clk 0:00:28]} 67. Ke3
{[%clk 0:00:37]} Kf7 {[%clk 0:00:37]} 68. Rd2 {[%clk 0:00:45]} Kg8
{[%clk 0:00:45]} 69. Rb2 {[%clk 0:00:50]} Kf7 {[%clk 0:00:38]} 70. Rd2
{[%clk 0:00:58]} Rd6 {[%clk 0:00:31]} 71. Rb2 {[%clk 0:00:54]} Ke6
{[%clk 0:00:40]} 72. Bd4 {[%clk 0:00:40]} Be4 {[%clk 0:00:26]} 73. Rb6
{[%clk 0:00:17]} Bc6 {[%clk 0:00:34]} 74. Rb2 {[%clk 0:00:16]} Kd5
{[%clk 0:00:30]} 75. Be5 {[%clk 0:00:16]} Re6 {[%clk 0:00:33]} 76. Rd2+
{[%clk 0:00:12]} Kc5 {[%clk 0:00:42]} 77. Rc2 {[%clk 0:00:20]} Be4
{[%clk 0:00:25]} 78. Rb2 {[%clk 0:00:17]} Bc6 {[%clk 0:00:28]} 79. Rc2
{[%clk 0:00:25]} Ba4 {[%clk 0:00:31]} 80. Ra2 {[%clk 0:00:19]} Kb4
{[%clk 0:00:22]} 81. Kd2 {[%clk 0:00:15]} Re8 {[%clk 0:00:19]} 82. Bc3+
{[%clk 0:00:18]} Kb5 {[%clk 0:00:28]} 83. Bd4 {[%clk 0:00:14]} Re4
{[%clk 0:00:27]} 84. Kc3 {[%clk 0:00:14]} Re1 {[%clk 0:00:33]} 85. Rb2+
{[%clk 0:00:16]} Bb3 {[%clk 0:00:42]} 86. Kd2 {[%clk 0:00:16]} Rd1+
{[%clk 0:00:49]} 87. Ke3 {[%clk 0:00:13]} Rd3+ {[%clk 0:00:58]} 0-1

[Event "TeamRussiawomen"]
[Site "?"]
[Date "2016.10.06"]
[Round "7.1"]
[White "Galliamova, Alisa"]
[Black "Kovalevskaya, Ekaterina"]
[Result "1/2-1/2"]
[LiveChessVersion "1.4.4"]
[BlackElo "2359"]
[WhiteElo "2428"]

1. d4 {[%clk 0:15:18]} d5 {[%clk 0:15:18]} 2. Nf3 {[%clk 0:15:23]} e6
{[%clk 0:15:25]} 3. g3 {[%clk 0:15:03]} c5 {[%clk 0:15:33]} 4. c3
{[%clk 0:14:55]} Nf6 {[%clk 0:15:17]} 5. Bg2 {[%clk 0:15:04]} Nc6
{[%clk 0:15:07]} 6. O-O {[%clk 0:15:11]} b6 {[%clk 0:15:05]} 7. Ne5
{[%clk 0:11:48]} Bb7 {[%clk 0:13:54]} 8. Qa4 {[%clk 0:11:34]} Rc8
{[%clk 0:14:00]} 9. Bf4 {[%clk 0:10:01]} Bd6 {[%clk 0:12:21]} 10. Nd2
{[%clk 0:09:18]} O-O {[%clk 0:12:21]} 11. Ndf3 {[%clk 0:09:09]} Ne4
{[%clk 0:11:02]} 12. Rfd1 {[%clk 0:08:53]} cxd4 {[%clk 0:06:02]} 13. cxd4
{[%clk 0:08:33]} Na5 {[%clk 0:05:45]} 14. Rdc1 {[%clk 0:08:05]} Qe7
{[%clk 0:05:48]} 15. Nd3 {[%clk 0:07:11]} Rxc1+ {[%clk 0:04:53]} 16. Rxc1
{[%clk 0:07:19]} Rc8 {[%clk 0:05:00]} 17. Rxc8+ {[%clk 0:07:15]} Bxc8
{[%clk 0:05:09]} 18. Bxd6 {[%clk 0:07:17]} Nxd6 {[%clk 0:05:15]} 19. Qc2
{[%clk 0:07:05]} f6 {[%clk 0:05:03]} 20. b3 {[%clk 0:06:56]} Qb7 {[%clk 0:05:03]}
21. Nb4 {[%clk 0:06:55]} Bd7 {[%clk 0:04:56]} 22. Bh3 {[%clk 0:06:42]} Qc8
{[%clk 0:04:51]} 23. Ne1 {[%clk 0:05:10]} Qxc2 {[%clk 0:04:29]} 24. Nexc2
{[%clk 0:05:18]} Bc8 {[%clk 0:04:37]} 25. f3 {[%clk 0:05:23]} Kf7
{[%clk 0:04:39]} 26. Kf2 {[%clk 0:05:19]} Ke7 {[%clk 0:04:45]} 27. Ke3
{[%clk 0:05:23]} Bd7 {[%clk 0:04:46]} 28. Bg4 {[%clk 0:03:41]} Nc6
{[%clk 0:04:40]} 29. Nxc6+ {[%clk 0:02:30]} Bxc6 {[%clk 0:04:48]} 30. Nb4
{[%clk 0:02:35]} Be8 {[%clk 0:04:30]} 31. h4 {[%clk 0:02:38]} a5 {[%clk 0:04:23]}
32. Nd3 {[%clk 0:02:28]} Bg6 {[%clk 0:04:28]} 33. Bh3 {[%clk 0:02:03]} Bxd3
{[%clk 0:04:06]} 34. Kxd3 {[%clk 0:02:07]} f5 {[%clk 0:02:34]} 35. Bg2
{[%clk 0:01:48]} Ne8 {[%clk 0:02:28]} 36. e4 {[%clk 0:01:49]} g6 {[%clk 0:02:30]}
37. Ke3 {[%clk 0:01:33]} Nc7 {[%clk 0:02:32]} 38. Bf1 {[%clk 0:01:31]} Kf6
{[%clk 0:02:14]} 39. g4 {[%clk 0:01:31]} fxg4 {[%clk 0:02:08]} 40. fxg4
{[%clk 0:01:39]} h6 {[%clk 0:02:17]} 41. e5+ {[%clk 0:00:50]} Kf7
{[%clk 0:02:24]} 42. g5 {[%clk 0:00:50]} hxg5 {[%clk 0:02:30]} 43. hxg5
{[%clk 0:00:59]} b5 {[%clk 0:02:33]} 44. a4 {[%clk 0:00:25]} bxa4
{[%clk 0:02:19]} 45. bxa4 {[%clk 0:00:34]} Na8 {[%clk 0:02:01]} 46. Bb5
{[%clk 0:00:21]} Nb6 {[%clk 0:02:08]} 47. Kd3 {[%clk 0:00:25]} Nc8
{[%clk 0:01:54]} 48. Kc3 {[%clk 0:00:16]} Ne7 {[%clk 0:01:59]} 49. Bd3
{[%clk 0:00:14]} Nf5 {[%clk 0:01:50]} 50. Bc2 {[%clk 0:00:17]} Ng3
{[%clk 0:01:52]} 51. Kd2 {[%clk 0:00:23]} Nf5 {[%clk 0:01:30]} 52. Kc3
{[%clk 0:00:28]} Kg7 {[%clk 0:01:08]} 53. Bd3 {[%clk 0:00:33]} Nh4
{[%clk 0:00:49]} 54. Be2 {[%clk 0:00:42]} Kf7 {[%clk 0:00:52]} 55. Bg4
{[%clk 0:00:40]} Nf5 {[%clk 0:00:47]} 1/2-1/2